<?xml version="1.0" encoding="UTF-8"?>
<collection xmlns="http://www.loc.gov/MARC21/slim">
 <record>
  <leader>00532nam a22001575a 4500</leader>
  <controlfield tag="001">EEO.bibeco004540</controlfield>
  <controlfield tag="003">AR-BaUEB</controlfield>
  <controlfield tag="005">20110412134608.0</controlfield>
  <controlfield tag="008">080718s1988####ag############000#0#spa#d</controlfield>
  <datafield tag="245" ind1="1" ind2="0">
   <subfield code="a">Ley sobre uno de plaguicidas y agroquímicos de la provincia de Río Negro /</subfield>
   <subfield code="c">Sergio Mazzucchelli ... [et al.].</subfield>
  </datafield>
  <datafield tag="260" ind1=" " ind2=" ">
   <subfield code="a">Buenos Aires :</subfield>
   <subfield code="b">CFI,</subfield>
   <subfield code="c">1988.</subfield>
  </datafield>
  <datafield tag="300" ind1=" " ind2=" ">
   <subfield code="a">8 p.</subfield>
  </datafield>
  <datafield tag="110" ind1="2" ind2=" ">
   <subfield code="a">Consejo federal de inversiones.</subfield>
  </datafield>
  <datafield tag="700" ind1="1" ind2=" ">
   <subfield code="a">Mazzucchelli, Sergio.</subfield>
  </datafield>
  <datafield tag="082" ind1="0" ind2="4">
   <subfield code="a">632.95</subfield>
  </datafield>
  <datafield tag="859" ind1=" " ind2=" ">
   <subfield code="a">AR-BaUEB</subfield>
   <subfield code="b">BIB. ECONOMIA - General</subfield>
   <subfield code="h">632.95</subfield>
   <subfield code="i">M458</subfield>
   <subfield code="p">e06031</subfield>
  </datafield>
 </record>
</collection>
